Strategic management : (Record no. 21618)

000 -LEADER
fixed length control field 01055cam a2200277 a 4500
001 - CONTROL NUMBER
control field 16517784
005 - DATE AND TIME OF LATEST TRANSACTION
control field 20170121160155.0
008 - FIXED-LENGTH DATA ELEMENTS--GENERAL INFORMATION
fixed length control field 101025s2011 at a b 001 0 eng
010 ## - LIBRARY OF CONGRESS CONTROL NUMBER
LC control number 2010485632
020 ## - INTERNATIONAL STANDARD BOOK NUMBER
International Standard Book Number 9780538753098 (pbk.)
020 ## - INTERNATIONAL STANDARD BOOK NUMBER
International Standard Book Number 0538753099 (pbk.)
050 00 - LIBRARY OF CONGRESS CALL NUMBER
Classification number HD30.28 .H5865 2011
100 1# - MAIN ENTRY--PERSONAL NAME
Personal name Hitt, Michael A.
245 10 - TITLE STATEMENT
Title Strategic management :
Remainder of title competitiveness & globalization : concepts /
Statement of responsibility, etc. Michael A. Hitt, R. Duane Ireland, Robert E. Hoskisson.
250 ## - EDITION STATEMENT
Edition statement 9th ed.
260 ## - PUBLICATION, DISTRIBUTION, ETC. (IMPRINT)
Place of publication, distribution, etc. Australia ;
-- Mason, OH :
Name of publisher, distributor, etc. South-Western Cengage Learning,
Date of publication, distribution, etc. c2011.
300 ## - PHYSICAL DESCRIPTION
Extent xxii, 402, I-23 p. :
Other physical details col. ill. ;
Dimensions 26 cm.
504 ## - BIBLIOGRAPHY, ETC. NOTE
Bibliography, etc Includes bibliographical references and indexes.
650 #0 - SUBJECT ADDED ENTRY--TOPICAL TERM
Topical term or geographic name as entry element Strategic planning
Form subdivision Case studies.
650 #0 - SUBJECT ADDED ENTRY--TOPICAL TERM
Topical term or geographic name as entry element Industrial management
Form subdivision Case studies.
700 1# - ADDED ENTRY--PERSONAL NAME
Personal name Ireland, R. Duane.
700 1# - ADDED ENTRY--PERSONAL NAME
Personal name Hoskisson, Robert E.
942 ## - ADDED ENTRY ELEMENTS (KOHA)
Source of classification or shelving scheme
Koha item type Hard Covered Materials
Holdings
Withdrawn status Lost status Source of classification or shelving scheme Damaged status Not for loan Home library Current library Shelving location Date acquired Source of acquisition Total Checkouts Full call number Barcode Date last seen Price effective from Koha item type
          MACHAKOS UNIVERSITY LIBRARY MACHAKOS UNIVERSITY LIBRARY Open shelf 21/01/2017 Donation(BFA)   HD30.28 .H5865 2011 31484 21/01/2017 21/01/2017 Hard Covered Materials
© Machakos University Library, Along The Highway, Machakos Wote Rd, Machakos, Kenya P.O. Box 136 - 90100 Machakos - Kenya

Tel: ( +254 ) 723 805829 OR Fax : 044-20353 OR Email: library@mksu.ac.ke